[Event "CAN-ch U20"]
[Site "Calgary CAN"]
[Date "2012.01.05"]
[Round "2"]
[White "MacKinnon, Keith"]
[Black "Zhang, David"]
[Result "0-1"]
[WhiteElo "2349"]
[BlackElo "2227"]
[PlyCount "50"]
[GameId "2160767909572924"]
[EventDate "2012.01.05"]
[EventType "swiss"]
[EventRounds "7"]
[EventCountry "CAN"]
[SourceTitle "EXT 2022"]
[Source "ChessBase"]
[SourceDate "2021.10.06"]
[SourceVersion "1"]
[SourceVersionDate "2021.10.06"]
[SourceQuality "1"]

1. e4 c6 2. d4 d5 3. e5 Bf5 4. Nf3 e6 5. Be2 c5 6. Be3 cxd4 7. Nxd4 Ne7 8. c4 dxc4 9. O-O Nbc6 10. Nb5 Nd5 11. Bxc4 Nxe3 12. fxe3 Qb6 13. Nd4 Rd8 14. Qa4 Rxd4 15. exd4 Qxd4+ 16. Kh1 Bd3 17. Rc1 Bxc4 18. Qxc4 Qxe5 19. Nd2 Bd6 20. Nf3 Qh5 21. Qb3 O-O 22. Qxb7 Nd4 23. Qd7 Nf5 24. Rc8 Ng3+ 25. Kg1 Bc5+ 0-1

[Event "CAN-ch U20"]
[Site "Calgary CAN"]
[Date "2012.01.05"]
[Round "2"]
[White "Shi, Diwen"]
[Black "Zhao, Chenxi"]
[Result "1-0"]
[WhiteElo "1783"]
[BlackElo "1413"]
[PlyCount "87"]
[GameId "2160767909572925"]
[EventDate "2012.01.05"]
[EventType "swiss"]
[EventRounds "7"]
[EventCountry "CAN"]
[SourceTitle "EXT 2022"]
[Source "ChessBase"]
[SourceDate "2021.10.06"]
[SourceVersion "1"]
[SourceVersionDate "2021.10.06"]
[SourceQuality "1"]

1. d4 d5 2. c4 e6 3. Nf3 Nf6 4. g3 c6 5. Bg2 Be7 6. O-O Nbd7 7. Qc2 O-O 8. Rd1 Nb6 9. b3 Re8 10. Bb2 Qc7 11. Ne5 Nbd7 12. Nd2 Bd6 13. Ndf3 h6 14. Rac1 Nf8 15. h4 N8d7 16. Qb1 Nf8 17. g4 N8d7 18. g5 hxg5 19. hxg5 Nh7 20. g6 fxg6 21. Qxg6 Ndf6 22. e3 Nf8 23. Qd3 Qe7 24. Rc2 a6 25. Kf1 N8d7 26. Ke2 Ne4 27. Nd2 Qh4 28. Nxe4 dxe4 29. Bxe4 Rf8 30. Rf1 Qh5+ 31. Bf3 Qh3 32. Be4 Nxe5 33. dxe5 Qh5+ 34. Kd2 Bxe5 35. Bg6 Qg5 36. f4 Bxf4 37. exf4 Qh4 38. Kc1 Rxf4 39. Rd1 Rf8 40. Qc3 Qg5+ 41. Rcd2 Qxg6 42. Qd4 Qf7 43. Rg1 g6 44. Qh8# 1-0

[Event "CAN-ch U20"]
[Site "Calgary CAN"]
[Date "2012.01.06"]
[Round "3"]
[White "Cao, Jason"]
[Black "Shi, Diwen"]
[Result "1-0"]
[WhiteElo "2053"]
[BlackElo "1783"]
[PlyCount "81"]
[GameId "2160767909572926"]
[EventDate "2012.01.05"]
[EventType "swiss"]
[EventRounds "7"]
[EventCountry "CAN"]
[SourceTitle "EXT 2022"]
[Source "ChessBase"]
[SourceDate "2021.10.06"]
[SourceVersion "1"]
[SourceVersionDate "2021.10.06"]
[SourceQuality "1"]

1. e4 Nf6 2. e5 Nd5 3. d4 d6 4. Nf3 g6 5. Be2 Bg7 6. O-O O-O 7. c4 Nb6 8. exd6 cxd6 9. Nc3 Nc6 10. Be3 Bf5 11. Rc1 Rc8 12. b3 d5 13. c5 Na8 14. h3 Nc7 15. Qd2 Re8 16. Rfd1 h5 17. a3 Be4 18. Nxe4 dxe4 19. Ng5 e5 20. d5 Nd4 21. d6 Nce6 22. Nxe6 Rxe6 23. Bc4 Re8 24. b4 a5 25. Bd5 Qd7 26. Qb2 Qb5 27. Kh1 Red8 28. Bxe4 b6 29. Bb7 bxc5 30. Bxc8 Rxc8 31. f4 Rc6 32. d7 Rd6 33. Rxc5 Qa4 34. Rf1 Rxd7 35. fxe5 Nc6 36. Rfc1 Nxe5 37. Rxe5 Rd1+ 38. Rxd1 Qxd1+ 39. Bg1 Qd7 40. Qe2 axb4 41. Re8+ 1-0

[Event "CAN-ch U20"]
[Site "Calgary CAN"]
[Date "2012.01.06"]
[Round "3"]
[White "Doknjas, John"]
[Black "Lintott, Zachary"]
[Result "1-0"]
[WhiteElo "2063"]
[BlackElo "1359"]
[PlyCount "93"]
[GameId "2160767909572927"]
[EventDate "2012.01.05"]
[EventType "swiss"]
[EventRounds "7"]
[EventCountry "CAN"]
[SourceTitle "EXT 2022"]
[Source "ChessBase"]
[SourceDate "2021.10.06"]
[SourceVersion "1"]
[SourceVersionDate "2021.10.06"]
[SourceQuality "1"]

1. d4 d5 2. c4 e6 3. Nc3 Nf6 4. Bg5 Be7 5. Nf3 dxc4 6. e3 Nc6 7. Bxc4 Bd7 8. a3 Na5 9. Bd3 h6 10. Bh4 Nd5 11. Nxd5 exd5 12. Bxe7 Qxe7 13. Ne5 O-O 14. Rc1 Nc6 15. Nxd7 Qxd7 16. Bb5 a6 17. Bxc6 bxc6 18. Qa4 Rab8 19. Qxc6 Qg4 20. O-O Rxb2 21. Qxd5 Rfb8 22. Rxc7 Qg6 23. h3 Qf6 24. Rc6 Qe7 25. Qc5 Qe8 26. Rc1 Qe4 27. Rc8+ Rxc8 28. Qxc8+ Kh7 29. Qxa6 Qh4 30. Qd3+ g6 31. Rf1 Qe7 32. d5 Qd6 33. e4 f6 34. Qd4 Rb8 35. a4 Rb4 36. Qa7+ Kg8 37. Rc1 Rb8 38. Qc7 Qxc7 39. Rxc7 Kf8 40. Rc4 Ke7 41. Kh2 Kd8 42. a5 Rb5 43. Rc6 Kd7 44. Rxf6 Rxa5 45. Rxg6 h5 46. Rh6 Ra4 47. f3 1-0

[Event "CAN-ch U20"]
[Site "Calgary CAN"]
[Date "2012.01.06"]
[Round "3"]
[White "Lee, Brendon"]
[Black "MacKinnon, Keith"]
[Result "0-1"]
[WhiteElo "1869"]
[BlackElo "2349"]
[PlyCount "60"]
[GameId "2160767909572928"]
[EventDate "2012.01.05"]
[EventType "swiss"]
[EventRounds "7"]
[EventCountry "CAN"]
[SourceTitle "EXT 2022"]
[Source "ChessBase"]
[SourceDate "2021.10.06"]
[SourceVersion "1"]
[SourceVersionDate "2021.10.06"]
[SourceQuality "1"]

1. e4 c5 2. Nf3 e6 3. d3 Nc6 4. g3 d5 5. Nbd2 g6 6. Bg2 Bg7 7. O-O Nf6 8. Re1 O-O 9. c3 d4 10. e5 Nd7 11. Nc4 Qc7 12. Bf4 Nb6 13. Nd6 Nd5 14. Nb5 Qb6 15. c4 Nxf4 16. gxf4 Bh6 17. Ng5 f6 18. exf6 Rxf6 19. Qg4 Ne7 20. Qh3 Kg7 21. Re5 a6 22. Na3 Qxb2 23. Rae1 Bxg5 24. fxg5 Qxf2+ 25. Kh1 Rf5 26. Rf1 Qxa2 27. Rfxf5 Nxf5 28. Rxf5 gxf5 29. Qh6+ Kg8 30. Bf3 Qf2 0-1

[Event "CAN-ch U20"]
[Site "Calgary CAN"]
[Date "2012.01.06"]
[Round "3"]
[White "Thavandiran, Shiyam"]
[Black "Wang, Richard"]
[Result "0-1"]
[WhiteElo "2479"]
[BlackElo "2306"]
[PlyCount "106"]
[GameId "2160767909572929"]
[EventDate "2012.01.05"]
[EventType "swiss"]
[EventRounds "7"]
[EventCountry "CAN"]
[SourceTitle "EXT 2022"]
[Source "ChessBase"]
[SourceDate "2021.10.06"]
[SourceVersion "1"]
[SourceVersionDate "2021.10.06"]
[SourceQuality "1"]

1. d4 d5 2. Nf3 Nf6 3. e3 Bf5 4. c4 c6 5. Nc3 e6 6. Nh4 Bg6 7. Nxg6 hxg6 8. g3 Nbd7 9. Qc2 Bd6 10. b3 Qe7 11. Bg2 O-O 12. O-O Rac8 13. c5 Bb8 14. f4 b6 15. b4 Ng4 16. Qe2 f5 17. e4 Rfe8 18. e5 a5 19. a3 bxc5 20. bxc5 Nxc5 21. h3 Nb3 22. hxg4 Nxa1 23. gxf5 gxf5 24. g4 Nb3 25. Be3 Ba7 26. Qd1 Qb7 27. gxf5 exf5 28. Qd3 Qf7 29. Nxd5 Nxd4 30. Bxd4 cxd5 31. Bxa7 Qxa7+ 32. Kh2 g6 33. Qxd5+ Kg7 34. Rb1 Rh8+ 35. Kg3 Rb8 36. Rxb8 Rxb8 37. e6 Qe3+ 38. Bf3 Qg1+ 39. Bg2 Qe3+ 40. Bf3 Qe1+ 41. Kh3 Rh8+ 42. Kg2 Qh1+ 43. Kf2 Rh2+ 44. Kg3 Qg1+ 45. Bg2 Rxg2+ 46. Qxg2 Qxg2+ 47. Kxg2 Kf6 48. Kf3 Kxe6 49. Ke3 Kd5 50. Kd3 a4 51. Ke3 Kc4 52. Ke2 Kd4 53. Kf3 Kd3 0-1

[Event "CAN-ch U20"]
[Site "Calgary CAN"]
[Date "2012.01.06"]
[Round "3"]
[White "Zhang, David"]
[Black "Li, Kevin"]
[Result "1-0"]
[WhiteElo "2227"]
[BlackElo "2238"]
[PlyCount "93"]
[GameId "2160767909572930"]
[EventDate "2012.01.05"]
[EventType "swiss"]
[EventRounds "7"]
[EventCountry "CAN"]
[SourceTitle "EXT 2022"]
[Source "ChessBase"]
[SourceDate "2021.10.06"]
[SourceVersion "1"]
[SourceVersionDate "2021.10.06"]
[SourceQuality "1"]

1. e4 c5 2. Nf3 Nc6 3. Bb5 g6 4. O-O Bg7 5. c3 e5 6. d3 Nge7 7. Nbd2 O-O 8. Nb3 d6 9. a4 Be6 10. Ng5 Bxb3 11. Qxb3 h6 12. Nh3 Na5 13. Qa2 a6 14. Bc4 Nxc4 15. Qxc4 g5 16. f3 Kh8 17. Be3 Rc8 18. Qb3 Qd7 19. c4 f5 20. Nf2 f4 21. Bd2 h5 22. Nd1 Nc6 23. Nc3 Nd4 24. Qd1 Rf7 25. Ne2 Ne6 26. b4 Rg8 27. b5 Bf6 28. Nc3 Bd8 29. bxa6 bxa6 30. Nd5 g4 31. Bc3 Rfg7 32. Ra2 Qe8 33. fxg4 Rxg4 34. h3 R4g7 35. Kh1 Kh7 36. Rb2 Rg5 37. Rff2 Qg6 38. Qf1 h4 39. Rb7+ Ng7 40. Nxf4 exf4 41. Rxf4 Qe6 42. Rxh4+ Kg6 43. Rxg7+ Rxg7 44. Qf8 Qe7 45. Bxg7 Qxg7 46. Qe8+ Qf7 47. Rh6+ 1-0

[Event "CAN-ch U20"]
[Site "Calgary CAN"]
[Date "2012.01.06"]
[Round "3"]
[White "Zhao, Chenxi"]
[Black "De Guzman, Jeff Anthony"]
[Result "0-1"]
[WhiteElo "1413"]
[BlackElo "1992"]
[PlyCount "60"]
[GameId "2160767909572931"]
[EventDate "2012.01.05"]
[EventType "swiss"]
[EventRounds "7"]
[EventCountry "CAN"]
[SourceTitle "EXT 2022"]
[Source "ChessBase"]
[SourceDate "2021.10.06"]
[SourceVersion "1"]
[SourceVersionDate "2021.10.06"]
[SourceQuality "1"]

1. e4 Nf6 2. Nc3 e5 3. Nf3 Nc6 4. Bc4 Bc5 5. d3 h6 6. Be3 Bxe3 7. fxe3 d6 8. O-O Na5 9. Bd5 c6 10. Bb3 Nxb3 11. axb3 O-O 12. Qe2 Bg4 13. Qf2 Nh5 14. Ne2 Nf6 15. Nc3 Bxf3 16. Qxf3 d5 17. exd5 cxd5 18. Ne2 e4 19. dxe4 dxe4 20. Qg3 Qb6 21. Nd4 Rad8 22. Rxa7 Rxd4 23. exd4 Qxa7 24. Rxf6 Qxd4+ 25. Rf2 e3 26. Re2 Re8 27. Qe1 f5 28. Qc3 Qxc3 29. bxc3 f4 30. g3 f3 0-1

[Event "CAN-ch U20"]
[Site "Calgary CAN"]
[Date "2012.01.06"]
[Round "4"]
[White "De Guzman, Jeff Anthony"]
[Black "Lintott, Zachary"]
[Result "1-0"]
[WhiteElo "1992"]
[BlackElo "1359"]
[PlyCount "123"]
[GameId "2160767909572932"]
[EventDate "2012.01.05"]
[EventType "swiss"]
[EventRounds "7"]
[EventCountry "CAN"]
[SourceTitle "EXT 2022"]
[Source "ChessBase"]
[SourceDate "2021.10.06"]
[SourceVersion "1"]
[SourceVersionDate "2021.10.06"]
[SourceQuality "1"]

1. d4 d5 2. c4 e6 3. Nc3 Nf6 4. cxd5 exd5 5. Bg5 Be7 6. e3 h6 7. Bh4 O-O 8. Bd3 Nc6 9. a3 Qe8 10. Nb5 Qd7 11. Bg3 Bd8 12. Ne2 a6 13. Nbc3 Qg4 14. f3 Qg5 15. e4 dxe4 16. fxe4 Bg4 17. O-O Nxd4 18. e5 Nxe2+ 19. Bxe2 Bxe2 20. Qxe2 Nd7 21. e6 Nf6 22. e7 Qc5+ 23. Kh1 Qxe7 24. Qxe7 Bxe7 25. Bxc7 Rac8 26. Be5 Ng4 27. Nd5 Rfe8 28. Bc3 Bc5 29. Rf3 Nf2+ 30. Kg1 Re2 31. Rf1 Ne4+ 32. Kh1 Nxc3 33. Rxc3 Ree8 34. b4 Bd6 35. Rd3 Re6 36. g3 Rce8 37. Rdf3 Re5 38. Nb6 f6 39. Nc4 R5e6 40. Na5 R8e7 41. Rd3 Bb8 42. Rd8+ Re8 43. Rxe8+ Rxe8 44. Nxb7 Re5 45. Nc5 a5 46. Nd7 Rb5 47. Nxb8 Rxb8 48. bxa5 Ra8 49. Rf5 Kf7 50. Rb5 Ke6 51. Kg2 Kd6 52. Kf3 Kc6 53. a4 Ra6 54. Kf4 g6 55. h4 Kd7 56. h5 g5+ 57. Kf5 Ke7 58. Kg6 f5+ 59. Kxf5 Rf6+ 60. Ke4 Kd7 61. Rb6 Rf8 62. Rxh6 1-0

[Event "CAN-ch U20"]
[Site "Calgary CAN"]
[Date "2012.01.06"]
[Round "4"]
[White "Li, Kevin"]
[Black "Cao, Jason"]
[Result "1-0"]
[WhiteElo "2238"]
[BlackElo "2053"]
[PlyCount "103"]
[GameId "2160767909572933"]
[EventDate "2012.01.05"]
[EventType "swiss"]
[EventRounds "7"]
[EventCountry "CAN"]
[SourceTitle "EXT 2022"]
[Source "ChessBase"]
[SourceDate "2021.10.06"]
[SourceVersion "1"]
[SourceVersionDate "2021.10.06"]
[SourceQuality "1"]

1. e4 c5 2. Nf3 d6 3. d4 cxd4 4. Qxd4 a6 5. Nc3 Nc6 6. Qd1 Nf6 7. h3 e6 8. Bf4 Qa5 9. Bd3 Be7 10. O-O O-O 11. Re1 b5 12. a3 Bb7 13. e5 dxe5 14. Nxe5 Nxe5 15. Bxe5 Rfd8 16. Qe2 Qb6 17. Rad1 Qc6 18. Qf1 Rac8 19. Bxf6 Bxf6 20. Be4 Qc7 21. Bxb7 Qxb7 22. Rxd8+ Rxd8 23. Rd1 Rc8 24. Qd3 Qc7 25. Qd6 Qb7 26. Qd3 g6 27. Ne4 Be7 28. Qf3 Kg7 29. c3 a5 30. Qe3 Qb8 31. Rd7 Re8 32. Qd4+ Kg8 33. g3 Qa8 34. Kh2 Qc6 35. Qd3 Qb6 36. Kg1 b4 37. axb4 axb4 38. c4 b3 39. Nd2 Bf6 40. Qf3 Rd8 41. Ne4 Rxd7 42. Nxf6+ Kg7 43. Nxd7 Qd4 44. Qxb3 Qxd7 45. Qc3+ Kg8 46. c5 Qd1+ 47. Kg2 Qd5+ 48. Kh2 Qf5 49. Qd4 e5 50. Qd2 Qc8 51. Qd5 Qf5 52. Kg2 1-0

[Event "CAN-ch U20"]
[Site "Calgary CAN"]
[Date "2012.01.06"]
[Round "4"]
[White "Shi, Diwen"]
[Black "Doknjas, John"]
[Result "1/2-1/2"]
[WhiteElo "1783"]
[BlackElo "2063"]
[PlyCount "97"]
[GameId "2160767909572934"]
[EventDate "2012.01.05"]
[EventType "swiss"]
[EventRounds "7"]
[EventCountry "CAN"]
[SourceTitle "EXT 2022"]
[Source "ChessBase"]
[SourceDate "2021.10.06"]
[SourceVersion "1"]
[SourceVersionDate "2021.10.06"]
[SourceQuality "1"]

1. d4 Nf6 2. Nf3 c5 3. d5 e6 4. c4 exd5 5. cxd5 d6 6. Nc3 g6 7. g3 Bg7 8. Bg2 O-O 9. O-O Na6 10. a4 Nc7 11. Nd2 b6 12. Nc4 Ba6 13. Na3 Qd7 14. Qb3 Nfe8 15. Bf4 f5 16. Rfe1 Nf6 17. Nab5 Nxb5 18. axb5 Bb7 19. Rad1 Nh5 20. Bc1 f4 21. Qc4 fxg3 22. hxg3 Nf6 23. Bf4 Rae8 24. e4 Kh8 25. Qd3 Re7 26. e5 dxe5 27. d6 Ref7 28. Rxe5 Bxg2 29. Kxg2 Nh5 30. Rxh5 gxh5 31. Ne4 Bxb2 32. Qd5 Rg7 33. Bh6 h4 34. Qc6 h3+ 35. Kh2 Qg4 36. Rd2 Bd4 37. Bxg7+ Qxg7 38. Qd5 Qf7 39. Qc6 Rd8 40. Ng5 Qd7 41. Re2 Bf6 42. Ne6 Qxc6 43. bxc6 Rxd6 44. c7 Rc6 45. Rd2 Bd4 46. Rd3 Kg8 47. Rf3 Bg7 48. Rd3 Bd4 49. Rf3 1/2-1/2

[Event "CAN-ch U20"]
[Site "Calgary CAN"]
[Date "2012.01.06"]
[Round "4"]
[White "Wang, Richard"]
[Black "Zhang, David"]
[Result "0-1"]
[WhiteElo "2306"]
[BlackElo "2227"]
[PlyCount "80"]
[GameId "2160767909572935"]
[EventDate "2012.01.05"]
[EventType "swiss"]
[EventRounds "7"]
[EventCountry "CAN"]
[SourceTitle "EXT 2022"]
[Source "ChessBase"]
[SourceDate "2021.10.06"]
[SourceVersion "1"]
[SourceVersionDate "2021.10.06"]
[SourceQuality "1"]

1. d4 Nf6 2. Nf3 g6 3. c4 Bg7 4. Nc3 d5 5. cxd5 Nxd5 6. e4 Nxc3 7. bxc3 c5 8. Rb1 O-O 9. Be2 Nc6 10. d5 Bxc3+ 11. Bd2 Bxd2+ 12. Qxd2 Na5 13. h4 Bg4 14. Ng5 Bxe2 15. Kxe2 h6 16. Nf3 Kh7 17. Ne5 Qd6 18. Ng4 Qa6+ 19. Kf3 h5 20. Ne3 f5 21. e5 Nc4 22. Qc3 Nxe3 23. fxe3 b6 24. Rhd1 Qa4 25. g3 Rad8 26. Qd3 Rd7 27. Rd2 Rfd8 28. e4 fxe4+ 29. Qxe4 Qa3+ 30. Kg2 Rxd5 31. Rf2 Rd2 32. Rbf1 Qxa2 33. Qf4 a5 34. g4 R8d4 35. Qf8 Qd5+ 36. Kh2 Qxe5+ 37. Kh1 Rxf2 38. Rxf2 Rd1+ 39. Kg2 Qe4+ 40. Rf3 Rd2+ 0-1

[Event "CAN-ch U20"]
[Site "Calgary CAN"]
[Date "2012.01.06"]
[Round "4"]
[White "Zhao, Chenxi"]
[Black "Lee, Brendon"]
[Result "1-0"]
[WhiteElo "1413"]
[BlackElo "1869"]
[PlyCount "47"]
[GameId "2160767909572936"]
[EventDate "2012.01.05"]
[EventType "swiss"]
[EventRounds "7"]
[EventCountry "CAN"]
[SourceTitle "EXT 2022"]
[Source "ChessBase"]
[SourceDate "2021.10.06"]
[SourceVersion "1"]
[SourceVersionDate "2021.10.06"]
[SourceQuality "1"]

1. e4 c5 2. Nf3 d6 3. d4 cxd4 4. Nxd4 Nf6 5. Nc3 g6 6. Bc4 Bg7 7. Be3 O-O 8. f3 Nc6 9. Qd2 Bd7 10. h4 h5 11. O-O-O Rb8 12. Nxc6 bxc6 13. Rdg1 Qc7 14. Bg5 Qb7 15. Bb3 Be6 16. g4 hxg4 17. fxg4 Nxg4 18. h5 Bxb3 19. axb3 Ne5 20. Qf4 Qa6 21. h6 Qa1+ 22. Kd2 Qxb2 23. hxg7 Kxg7 24. Bf6+ 1-0

[Event "CAN-ch U20"]
[Site "Calgary CAN"]
[Date "2012.01.07"]
[Round "4"]
[White "MacKinnon, Keith"]
[Black "Thavandiran, Shiyam"]
[Result "0-1"]
[WhiteElo "2349"]
[BlackElo "2479"]
[PlyCount "54"]
[GameId "2160767909572937"]
[EventDate "2012.01.05"]
[EventType "swiss"]
[EventRounds "7"]
[EventCountry "CAN"]
[SourceTitle "EXT 2022"]
[Source "ChessBase"]
[SourceDate "2021.10.06"]
[SourceVersion "1"]
[SourceVersionDate "2021.10.06"]
[SourceQuality "1"]

1. e4 e6 2. d4 d5 3. Nd2 Nf6 4. e5 Nfd7 5. c3 c5 6. Bd3 Nc6 7. Ngf3 g6 8. O-O Bg7 9. Re1 O-O 10. h4 cxd4 11. cxd4 f6 12. exf6 Qxf6 13. Nb3 e5 14. dxe5 Ndxe5 15. Be2 d4 16. Bg5 Qf7 17. Nbxd4 Nxd4 18. Nxd4 Qxf2+ 19. Kh1 Nf7 20. Nf3 Nxg5 21. hxg5 Rxf3 22. Bc4+ Kh8 23. Qxf3 Qh4+ 24. Kg1 Bd4+ 25. Re3 Bf5 26. Bf7 Be4 27. Qf2 Qxg5 0-1

[Event "CAN-ch U20"]
[Site "Calgary CAN"]
[Date "2012.01.07"]
[Round "5"]
[White "Cao, Jason"]
[Black "Doknjas, John"]
[Result "0-1"]
[WhiteElo "2053"]
[BlackElo "2063"]
[PlyCount "66"]
[GameId "2160767909572938"]
[EventDate "2012.01.05"]
[EventType "swiss"]
[EventRounds "7"]
[EventCountry "CAN"]
[SourceTitle "EXT 2022"]
[Source "ChessBase"]
[SourceDate "2021.10.06"]
[SourceVersion "1"]
[SourceVersionDate "2021.10.06"]
[SourceQuality "1"]

1. e4 c5 2. Nf3 d6 3. d4 cxd4 4. Nxd4 Nf6 5. Nc3 a6 6. Be3 e5 7. Nb3 Be6 8. f3 Be7 9. Qd2 O-O 10. O-O-O Nbd7 11. g4 b5 12. g5 b4 13. Ne2 Ne8 14. h4 a5 15. Kb1 a4 16. Nbc1 Nb6 17. Ng3 d5 18. Bxb6 Qxb6 19. exd5 Rd8 20. Bd3 Rxd5 21. h5 Nd6 22. Rdg1 a3 23. Nb3 axb2 24. g6 Nc4 25. Qe2 Na3+ 26. Kxb2 Rxd3 27. Qxd3 Rd8 28. gxh7+ Kh8 29. h6 g6 30. Qe4 Qc7 31. Ne2 Bf5 32. Qe3 Nc4+ 33. Kb1 Nxe3 0-1

[Event "CAN-ch U20"]
[Site "Calgary CAN"]
[Date "2012.01.07"]
[Round "5"]
[White "De Guzman, Jeff Anthony"]
[Black "Li, Kevin"]
[Result "0-1"]
[WhiteElo "1992"]
[BlackElo "2238"]
[PlyCount "80"]
[GameId "2160767909572939"]
[EventDate "2012.01.05"]
[EventType "swiss"]
[EventRounds "7"]
[EventCountry "CAN"]
[SourceTitle "EXT 2022"]
[Source "ChessBase"]
[SourceDate "2021.10.06"]
[SourceVersion "1"]
[SourceVersionDate "2021.10.06"]
[SourceQuality "1"]

1. d4 Nf6 2. c4 e6 3. Nc3 Bb4 4. Qc2 c5 5. dxc5 Na6 6. a3 Bxc3+ 7. Qxc3 Nxc5 8. f3 d6 9. e4 e5 10. Be3 Qc7 11. b4 Ne6 12. Rc1 b6 13. Ne2 Bb7 14. Qd3 O-O 15. Nc3 Qd7 16. Rd1 Rfd8 17. Nb5 Ba6 18. Nxd6 Qc7 19. b5 Bb7 20. g3 Rd7 21. f4 exf4 22. gxf4 Nxe4 23. Nxe4 Rxd3 24. Bxd3 f5 25. Ng3 Bxh1 26. Nxh1 Nxf4 27. Bf1 Re8 28. Kf2 Ne6 29. Kg1 f4 30. Bc1 Rd8 31. Re1 Ng5 32. Be2 Qc5+ 33. Kg2 Qe5 34. Kf1 Re8 35. Bd2 Qd4 36. Bb4 f3 37. Bxf3 Rxe1+ 38. Kxe1 Nxf3+ 39. Ke2 Qxc4+ 40. Kf2 Qd4+ 0-1

[Event "CAN-ch U20"]
[Site "Calgary CAN"]
[Date "2012.01.07"]
[Round "5"]
[White "Lee, Brendon"]
[Black "Shi, Diwen"]
[Result "1-0"]
[WhiteElo "1869"]
[BlackElo "1783"]
[PlyCount "93"]
[GameId "2160767909572940"]
[EventDate "2012.01.05"]
[EventType "swiss"]
[EventRounds "7"]
[EventCountry "CAN"]
[SourceTitle "EXT 2022"]
[Source "ChessBase"]
[SourceDate "2021.10.06"]
[SourceVersion "1"]
[SourceVersionDate "2021.10.06"]
[SourceQuality "1"]

1. e4 e5 2. Nf3 Nc6 3. Bb5 a6 4. Ba4 Nf6 5. O-O Be7 6. Re1 d6 7. c3 O-O 8. h3 b5 9. Bb3 Bb7 10. d4 exd4 11. cxd4 Re8 12. Ng5 Rf8 13. Nf3 Re8 14. Nbd2 h6 15. Nf1 Bf8 16. Ng3 Qd7 17. Bd2 Rad8 18. Rc1 g6 19. Qc2 Kh7 20. d5 Ne5 21. Nxe5 dxe5 22. Qxc7 Rc8 23. Qb6 Bd6 24. a4 Rb8 25. Qe3 Ng8 26. a5 Rec8 27. Qf3 Rf8 28. Qd3 Rbe8 29. Be3 Rc8 30. Bb6 Ne7 31. Ba2 f5 32. f3 Rb8 33. Bc5 Rbc8 34. b4 Rb8 35. Re2 Rbd8 36. Rec2 Rc8 37. Qd2 Rfe8 38. Bb1 Rf8 39. Nh1 fxe4 40. fxe4 Rfe8 41. Nf2 Rf8 42. Ng4 Ng8 43. Qc3 Rfe8 44. Rf2 Kg7 45. Rcf1 Ba8 46. Nf6 Nxf6 47. Rxf6 1-0

[Event "CAN-ch U20"]
[Site "Calgary CAN"]
[Date "2012.01.07"]
[Round "5"]
[White "Lintott, Zachary"]
[Black "Zhao, Chenxi"]
[Result "0-1"]
[WhiteElo "1359"]
[BlackElo "1413"]
[PlyCount "84"]
[GameId "2160767909572941"]
[EventDate "2012.01.05"]
[EventType "swiss"]
[EventRounds "7"]
[EventCountry "CAN"]
[SourceTitle "EXT 2022"]
[Source "ChessBase"]
[SourceDate "2021.10.06"]
[SourceVersion "1"]
[SourceVersionDate "2021.10.06"]
[SourceQuality "1"]

1. c4 c6 2. Nc3 d5 3. cxd5 cxd5 4. d4 Nc6 5. Nf3 Nf6 6. Bf4 e6 7. e3 Bb4 8. Bd3 O-O 9. O-O Bd6 10. Bxd6 Qxd6 11. a3 a6 12. Qc2 Bd7 13. Ng5 g6 14. Rac1 Rac8 15. Qe2 Kg7 16. f3 Rh8 17. Qf2 Rhf8 18. Ne2 e5 19. dxe5 Qxe5 20. Nh3 Qxb2 21. Ra1 Qe5 22. f4 Qe7 23. Rfb1 b5 24. Qh4 Qxe3+ 25. Nf2 Ng4 26. Rd1 Nxf2 27. Qxf2 Qxf2+ 28. Kxf2 Rfe8 29. a4 Nb4 30. axb5 Nxd3+ 31. Rxd3 Bxb5 32. Rd2 Rc5 33. Nd4 Bc4 34. f5 Rcc8 35. Kf3 Ra8 36. fxg6 hxg6 37. Nc6 Re4 38. Ra5 Rae8 39. Nd4 Kf6 40. Rf2 Rxd4 41. Kg3+ Kg7 42. Ra1 Rd3+ 0-1

[Event "CAN-ch U20"]
[Site "Calgary CAN"]
[Date "2012.01.07"]
[Round "5"]
[White "Wang, Richard"]
[Black "MacKinnon, Keith"]
[Result "1-0"]
[WhiteElo "2306"]
[BlackElo "2349"]
[PlyCount "63"]
[GameId "2160767909572942"]
[EventDate "2012.01.05"]
[EventType "swiss"]
[EventRounds "7"]
[EventCountry "CAN"]
[SourceTitle "EXT 2022"]
[Source "ChessBase"]
[SourceDate "2021.10.06"]
[SourceVersion "1"]
[SourceVersionDate "2021.10.06"]
[SourceQuality "1"]

1. d4 Nf6 2. Nf3 e6 3. e3 c5 4. Bd3 d5 5. b3 Nc6 6. O-O Bd6 7. Bb2 O-O 8. Ne5 Qc7 9. f4 cxd4 10. exd4 Nb4 11. Nc3 Nxd3 12. Qxd3 Bd7 13. Rac1 a6 14. Ne2 b5 15. a3 Rab8 16. Ng3 Qa7 17. Rce1 Rbc8 18. Re2 Rc7 19. f5 Bxe5 20. Rxe5 Ng4 21. Re2 e5 22. Nh5 g6 23. h3 gxh5 24. hxg4 e4 25. Qe3 f6 26. gxh5 Rf7 27. h6 Rc6 28. Bc3 Qc7 29. Bb4 Rxc2 30. Rxc2 Qxc2 31. Qg3+ Kh8 32. Bc5 1-0

[Event "CAN-ch U20"]
[Site "Calgary CAN"]
[Date "2012.01.07"]
[Round "5"]
[White "Zhang, David"]
[Black "Thavandiran, Shiyam"]
[Result "1/2-1/2"]
[WhiteElo "2227"]
[BlackElo "2479"]
[PlyCount "49"]
[GameId "2160767909572943"]
[EventDate "2012.01.05"]
[EventType "swiss"]
[EventRounds "7"]
[EventCountry "CAN"]
[SourceTitle "EXT 2022"]
[Source "ChessBase"]
[SourceDate "2021.10.06"]
[SourceVersion "1"]
[SourceVersionDate "2021.10.06"]
[SourceQuality "1"]

1. e4 e6 2. d4 d5 3. e5 c5 4. c3 Nc6 5. Nf3 Nh6 6. Bd3 f6 7. O-O Nf7 8. exf6 Qxf6 9. Re1 Bd6 10. Be3 c4 11. Bc2 O-O 12. b3 cxb3 13. axb3 Kh8 14. Qd3 g6 15. Nbd2 b6 16. b4 Kg8 17. Nb3 Bb7 18. b5 Ne7 19. Qe2 Nf5 20. Bd2 Rfe8 21. Ne5 Bc7 22. Ra4 Re7 23. Bd3 N5d6 24. f3 Nc8 25. f4 1/2-1/2

[Event "CAN-ch U20"]
[Site "Calgary CAN"]
[Date "2012.01.07"]
[Round "6"]
[White "Doknjas, John"]
[Black "Zhang, David"]
[Result "0-1"]
[WhiteElo "2063"]
[BlackElo "2227"]
[PlyCount "68"]
[GameId "2160767909572944"]
[EventDate "2012.01.05"]
[EventType "swiss"]
[EventRounds "7"]
[EventCountry "CAN"]
[SourceTitle "EXT 2022"]
[Source "ChessBase"]
[SourceDate "2021.10.06"]
[SourceVersion "1"]
[SourceVersionDate "2021.10.06"]
[SourceQuality "1"]

1. d4 Nf6 2. c4 g6 3. Nc3 d5 4. cxd5 Nxd5 5. e4 Nxc3 6. bxc3 Bg7 7. Nf3 c5 8. Rb1 O-O 9. Be2 Nc6 10. d5 Bxc3+ 11. Bd2 Bxd2+ 12. Qxd2 Na5 13. h4 Bg4 14. h5 Bxf3 15. gxf3 e5 16. Qc3 b6 17. Qxe5 c4 18. Qd4 Rc8 19. Rc1 Qd6 20. e5 Nc6 21. exd6 Nxd4 22. d7 Rc5 23. Rxc4 Nxf3+ 24. Kd1 Rxd5+ 25. Kc1 Nd4 26. Bg4 f5 27. Rd1 Rxd7 28. Rdxd4 Rxd4 29. Rxd4 fxg4 30. hxg6 hxg6 31. Rd2 Kg7 32. Kd1 Rf7 33. Ke1 Kh6 34. Kf1 g3 0-1